[Event "Sicilian Thematic III - Smith Morra Gambit"]
[Site "SchemingMind.com"]
[Date "2005.12.12"]
[Round "-"]
[White "Brerrabbit"]
[Black "Louis Lima"]
[Result "0-1"]
[WhiteCountry "SCO"]
[BlackCountry "ESP"]
[WhiteElo "1267"]
[WhiteRD "73"]
[BlackElo "1717"]
[BlackRD "56"]
[GameID "32886"]

1. e4 c5 2. d4 cxd4 3. c3 d3 4. Bxd3 g6 5. Nf3 Bg7 6. Bf4 d6 7. Nbd2 Nf6 8. Qb3 O-O 9. O-O Nc6 10. Ng5 h6
11. Ngf3 Nd7 12. Rfe1 Nc5 13. Qc4 Be6 14. Qb5 a6 15. Qxc5 dxc5 16. Red1 Qxd3 17. Ne1 Qb5 18. b3 Bxc3 19. Rac1 Bxd2 20. Rxd2 g5
21. a4 Qxb3 22. Bg3 Qxa4 23. Rcd1 Rad8
0-1

[Event "Sicilian Thematic III - Smith Morra Gambit"]
[Site "SchemingMind.com"]
[Date "2005.12.12"]
[Round "-"]
[White "Louis Lima"]
[Black "Brerrabbit"]
[Result "1-0"]
[WhiteCountry "ESP"]
[BlackCountry "SCO"]
[WhiteElo "1983"]
[WhiteRD "85"]
[BlackElo "1262"]
[BlackRD "69"]
[GameID "32887"]

1. e4 c5 2. d4 cxd4 3. c3 dxc3 4. Nxc3 Nc6 5. Nf3 e6 6. Bc4 Nf6 7. Bf4 Qe7 8. O-O e5 9. Bg5 d6 10. Nd5 Qd7
11. Bxf6 a6 12. Nb6
1-0

[Event "Sicilian Thematic III - Smith Morra Gambit"]
[Site "SchemingMind.com"]
[Date "2005.12.21"]
[Round "-"]
[White "Oskyrain"]
[Black "Brerrabbit"]
[Result "1-0"]
[WhiteCountry "ARG"]
[BlackCountry "SCO"]
[WhiteElo "2115"]
[WhiteRD "74"]
[BlackElo "1264"]
[BlackRD "73"]
[GameID "33804"]

1. e4 c5 2. d4 cxd4 3. Qxd4 Nc6 4. Qa4 Nf6 5. Nf3 e5 6. Bb5 a6 7. Bxc6 bxc6 8. Nxe5 Qe7 9. f4 Bb7 10. Nd2 c5
11. O-O Rc8 12. b3 Bc6 13. Qxa6 Rd8 14. Nxc6 Qd6 15. e5 Qe6 16. exf6 dxc6 17. Bb2 Rxd2 18. Rae1 Qxe1 19. Qc8+ Rd8 20. Rxe1+ Be7
21. Rxe7+
1-0

[Event "Sicilian Thematic III - Smith Morra Gambit"]
[Site "SchemingMind.com"]
[Date "2005.12.21"]
[Round "-"]
[White "Brerrabbit"]
[Black "Oskyrain"]
[Result "0-1"]
[WhiteCountry "SCO"]
[BlackCountry "ARG"]
[WhiteElo "1264"]
[WhiteRD "73"]
[BlackElo "2115"]
[BlackRD "74"]
[GameID "33806"]

1. e4 c5 2. d4 cxd4 3. c3 dxc3 4. Bc4 cxb2 5. Bxb2 Qb6 6. Qf3 Qxb2 7. Qxf7+ Kd8 8. Qxf8+ Kc7 9. Qf4+ e5 10. Qg4 Nf6
11. Qxg7 Qc1+ 12. Ke2 Qxc4+ 13. Kd1 Qd4+ 14. Kc2 Nxe4 15. Qxh8 Qxa1 16. Nf3 Qxa2+ 17. Kc1 Nc6 18. Qxh7 Qc4+ 19. Kb2 Nb4 20. Nxe5 Qa2+
21. Kc1 Qc2#
0-1

[Event "Sicilian Thematic III - Smith Morra Gambit"]
[Site "SchemingMind.com"]
[Date "2005.12.21"]
[Round "-"]
[White "Louis Lima"]
[Black "Oskyrain"]
[Result "0-1"]
[WhiteCountry "ESP"]
[BlackCountry "ARG"]
[WhiteElo "1717"]
[WhiteRD "56"]
[BlackElo "2110"]
[BlackRD "71"]
[GameID "33807"]

1. e4 c5 2. d4 cxd4 3. c3 dxc3 4. Nxc3 e5 5. Bc4 Nc6 6. Qh5 Qe7 7. Nd5 Nf6 8. Nxf6+ Qxf6 9. Nf3 Bb4+ 10. Bd2 Qf4
11. Bd5 g6 12. Qh3 Ne7
0-1

[Event "Sicilian Thematic III - Smith Morra Gambit"]
[Site "SchemingMind.com"]
[Date "2005.12.26"]
[Round "-"]
[White "Casper"]
[Black "Oskyrain"]
[Result "0-1"]
[WhiteCountry "AUS"]
[BlackCountry "ARG"]
[WhiteElo "1360"]
[WhiteRD "91"]
[BlackElo "2138"]
[BlackRD "77"]
[GameID "34248"]

1. e4 c5 2. d4 Qa5+ 3. c3 cxd4 4. Qxd4 Nc6 5. Qd1 e5 6. Nf3 Nf6 7. Bd3 d5 8. exd5 Qxd5 9. c4 Bb4+ 10. Bd2 Qxd3
11. Nc3 e4 12. Nh4 Bg4 13. f3 exf3
0-1

[Event "Sicilian Thematic III - Smith Morra Gambit"]
[Site "SchemingMind.com"]
[Date "2005.12.30"]
[Round "-"]
[White "Casper"]
[Black "Brerrabbit"]
[Result "0-1"]
[WhiteCountry "AUS"]
[BlackCountry "SCO"]
[WhiteElo "1360"]
[WhiteRD "91"]
[BlackElo "1300"]
[BlackRD "66"]
[GameID "34249"]

1. e4 c5 2. d4 cxd4 3. c3 dxc3 4. Nxc3 Nc6 5. Bc4 e6 6. Nf3 Bb4 7. Bd2 Nf6 8. Qe2 d5 9. exd5 O-O 10. O-O exd5
11. Nxd5 Bxd2 12. Qxd2 Ne4
0-1

[Event "Sicilian Thematic III - Smith Morra Gambit"]
[Site "SchemingMind.com"]
[Date "2005.12.26"]
[Round "-"]
[White "Oskyrain"]
[Black "Casper"]
[Result "1-0"]
[WhiteCountry "ARG"]
[BlackCountry "AUS"]
[WhiteElo "2138"]
[WhiteRD "77"]
[BlackElo "1360"]
[BlackRD "91"]
[GameID "34251"]

1. e4 c5 2. d4 cxd4 3. Qxd4 Nc6 4. Qa4 d6 5. Bb5 Bd7 6. Nc3 a6 7. Bd3 e5 8. Nd5 Nf6 9. Ne2 b5 10. Bxb5 axb5
11. Qxa8 Qxa8 12. Nc7+ Kd8 13. Nxa8
1-0

[Event "Sicilian Thematic III - Smith Morra Gambit"]
[Site "SchemingMind.com"]
[Date "2005.12.26"]
[Round "-"]
[White "Brerrabbit"]
[Black "Casper"]
[Result "1-0"]
[WhiteCountry "SCO"]
[BlackCountry "AUS"]
[WhiteElo "1300"]
[WhiteRD "66"]
[BlackElo "1360"]
[BlackRD "91"]
[GameID "34252"]

1. e4 c5 2. d4 cxd4 3. c3 dxc3 4. Bc4 cxb2 5. Bxb2 d6 6. Qf3 Nf6 7. g4 Bxg4 8. Bxf7+ Kxf7 9. Qb3+ Ke8 10. Qxb7 Qa5+
11. Bc3 Qd8 12. Qxa8
1-0

[Event "Sicilian Thematic III - Smith Morra Gambit"]
[Site "SchemingMind.com"]
[Date "2005.12.26"]
[Round "-"]
[White "Louis Lima"]
[Black "Casper"]
[Result "1-0"]
[WhiteCountry "ESP"]
[BlackCountry "AUS"]
[WhiteElo "1688"]
[WhiteRD "59"]
[BlackElo "1360"]
[BlackRD "91"]
[GameID "34253"]

1. e4 c5 2. d4 cxd4 3. c3 dxc3 4. Nxc3 Nc6 5. Nf3 e5 6. Bc4 d6 7. Qb3 Qd7 8. Bb5 a6 9. Nd5 axb5 10. Qxb5 Nf6
11. Nb6 Qg4 12. Nxa8
1-0

[Event "Sicilian Thematic III - Smith Morra Gambit"]
[Site "SchemingMind.com"]
[Date "2005.12.28"]
[Round "-"]
[White "pietronagual"]
[Black "Oskyrain"]
[Result "1-0"]
[WhiteCountry "ESP"]
[BlackCountry "ARG"]
[WhiteElo "2365"]
[WhiteRD "114"]
[BlackElo "2149"]
[BlackRD "84"]
[GameID "34397"]

1. e4 c5 2. d4 cxd4 3. Nf3 Nc6 4. Nxd4 e5 5. Nb5 Nf6 6. Bg5 Bc5 7. N1c3 O-O 8. Qf3 Be7 9. Bxf6 Bxf6 10. Nd5 Be7
11. c3 a6 12. Nxe7+ Qxe7 13. Nc7 Rb8 14. Nd5 Qd8 15. Bc4 d6 16. O-O b5 17. Bb3 Be6 18. Qd3 Rc8 19. a4 b4 20. Bc4 a5
21. Ne3 bxc3 22. bxc3 Ne7 23. Rfd1 Rc6 24. Bb5 Rb6 25. c4 Qa8 26. Ra2 f5 27. exf5 Nxf5 28. Nxf5 Bxf5 29. Qa3 Be4 30. f3 Bb7
31. Qe3 Bxf3 32. gxf3 Qxf3 33. Qxf3 Rxf3 34. Rad2 Kf7 35. Rxd6
1-0

[Event "Sicilian Thematic III - Smith Morra Gambit"]
[Site "SchemingMind.com"]
[Date "2005.12.30"]
[Round "-"]
[White "pietronagual"]
[Black "Brerrabbit"]
[Result "1-0"]
[WhiteCountry "ESP"]
[BlackCountry "SCO"]
[WhiteElo "2179"]
[WhiteRD "162"]
[BlackElo "1264"]
[BlackRD "73"]
[GameID "34398"]

1. e4 c5 2. d4 cxd4 3. c3 dxc3 4. Nxc3 Nc6 5. Nf3 e6 6. Bc4 Qc7 7. O-O Nf6 8. Nb5 Qb8 9. Re1 Bc5 10. Be3 Bb4
11. Bd2 Bxd2 12. Qxd2 Ne5 13. Nd6+ Ke7 14. Nxe5 Qxd6 15. Qxd6+ Kxd6 16. Nxf7+ Ke7 17. Nxh8 b6 18. e5 Nd5 19. Rad1 Bb7 20. Ng6+ hxg6
21. Bd3 Rc8 22. Bxg6 Nf4 23. Be4 Bxe4 24. Rxe4 Nd3 25. Re2 Nf4 26. Red2 Nd5 27. f4 Rf8 28. g3 Ne3 29. Rxd7+ Ke8 30. R1d3 a5
31. Rd8+ Ke7 32. R3d7#
1-0

[Event "Sicilian Thematic III - Smith Morra Gambit"]
[Site "SchemingMind.com"]
[Date "2005.12.30"]
[Round "-"]
[White "pietronagual"]
[Black "Casper"]
[Result "1-0"]
[WhiteCountry "ESP"]
[BlackCountry "AUS"]
[WhiteElo "2260"]
[WhiteRD "137"]
[BlackElo "1360"]
[BlackRD "91"]
[GameID "34399"]

1. e4 c5 2. d4 cxd4 3. c3 dxc3 4. Nxc3 Nc6 5. Nf3 d6 6. Bc4 e5 7. Ng5 f6 8. Nf7 Qa5 9. Nxh8 f5 10. Bxg8 fxe4
11. Qh5+ g6 12. Qxh7 Nd4 13. Qf7+
1-0

[Event "Sicilian Thematic III - Smith Morra Gambit"]
[Site "SchemingMind.com"]
[Date "2006.01.01"]
[Round "-"]
[White "pietronagual"]
[Black "Louis Lima"]
[Result "1-0"]
[WhiteCountry "ESP"]
[BlackCountry "ESP"]
[WhiteElo "2179"]
[WhiteRD "162"]
[BlackElo "1667"]
[BlackRD "52"]
[GameID "34400"]

1. e4 c5 2. d4 cxd4 3. c3 dxc3 4. Nxc3 Nc6 5. Nf3 d6 6. Bc4 e6 7. Qe2 Be7 8. O-O a6 9. Rd1 Qc7 10. Bf4 Nf6
11. Rac1 Nh5 12. Be3 O-O 13. Bb3 Bd7 14. Nd5 exd5 15. exd5 Nf6 16. dxc6 Bxc6 17. Nd4 Qd7 18. Nxc6 bxc6 19. Bd4
1-0

[Event "Sicilian Thematic III - Smith Morra Gambit"]
[Site "SchemingMind.com"]
[Date "2006.01.06"]
[Round "-"]
[White "Oskyrain"]
[Black "pietronagual"]
[Result "1/2-1/2"]
[WhiteCountry "ARG"]
[BlackCountry "ESP"]
[WhiteElo "2087"]
[WhiteRD "85"]
[BlackElo "2360"]
[BlackRD "108"]
[GameID "34401"]

1. e4 c5 2. d4 cxd4 3. Qxd4 Nc6 4. Qd3 Nf6 5. Nc3 e6 6. Bg5 Be7 7. Nf3 O-O 8. Be2 d5 9. exd5 Nb4 10. Qd2 Nfxd5
11. Bxe7 Qxe7 12. Nxd5 Nxd5 13. Rd1 Qc7 14. O-O Nf4 15. Rfe1 e5 16. Qe3 f6 17. c3 Be6 18. a3 Qc6 19. Rd2 Rad8 20. Red1 Rxd2
21. Rxd2 Bd5 22. Bd1 a6 23. h4 Re8 24. g3 Ne6 25. Ne1 a5 26. Bc2 Nd4 27. Bxh7+ Kxh7 28. cxd4 exd4 29. Qd3+ Kh8 30. Rd1 Qe6
31. Kh2 Qe2 32. Qxd4 Bc6 33. b3 Re4 34. Qd8+ Kh7 35. Qd3 Qxf2+ 36. Ng2 f5 37. Rd2 Qc5 38. Qf1 Qe5 39. Qf2 a4 40. b4 Rc4
41. Re2 Be4 42. Ne1 Rc1 43. Nf3 Kg8 44. Re1 Rxe1 45. Qxe1 Qd5 46. Nd2 Qd3 47. Nxe4 fxe4 48. Qc1 e3 49. Qc8+=
1/2-1/2

[Event "Sicilian Thematic III - Smith Morra Gambit"]
[Site "SchemingMind.com"]
[Date "2005.12.28"]
[Round "-"]
[White "Brerrabbit"]
[Black "pietronagual"]
[Result "0-1"]
[WhiteCountry "SCO"]
[BlackCountry "ESP"]
[WhiteElo "1267"]
[WhiteRD "73"]
[BlackElo "2152"]
[BlackRD "171"]
[GameID "34402"]

1. e4 c5 2. d4 cxd4 3. c3 dxc3 4. Bc4 cxb2 5. Bxb2 Nc6 6. Qf3 e6 7. Nc3 Nf6 8. Nge2 Ne5 9. Nd4 Nxf3+ 10. Nxf3 b5
11. Bxb5 Rb8 12. O-O a6
0-1

[Event "Sicilian Thematic III - Smith Morra Gambit"]
[Site "SchemingMind.com"]
[Date "2005.12.28"]
[Round "-"]
[White "Casper"]
[Black "pietronagual"]
[Result "0-1"]
[WhiteCountry "AUS"]
[BlackCountry "ESP"]
[WhiteElo "1360"]
[WhiteRD "91"]
[BlackElo "2260"]
[BlackRD "137"]
[GameID "34403"]

1. e4 c5 2. d4 cxd4 3. c3 dxc3 4. Nxc3 Nc6 5. Bc4 d6 6. Nf3 e6 7. O-O Nf6 8. Qe2 a6 9. Rd1 Be7 10. e5 Nd7
11. exd6 Bf6
0-1

[Event "Sicilian Thematic III - Smith Morra Gambit"]
[Site "SchemingMind.com"]
[Date "2005.12.31"]
[Round "-"]
[White "KaliYuga"]
[Black "Oskyrain"]
[Result "0-1"]
[WhiteCountry "IRL"]
[BlackCountry "ARG"]
[WhiteElo "1881"]
[WhiteRD "64"]
[BlackElo "2171"]
[BlackRD "86"]
[GameID "34726"]

1. e4 c5 2. d4 cxd4 3. c3 dxc3 4. Nxc3 Nc6 5. Bc4 e6 6. Nf3 Bb4 7. Bd2 Nf6 8. Qc2 d5 9. exd5 exd5 10. Be2 O-O
11. O-O d4 12. Nb5 a6 13. Na3 Bxd2 14. Qxd2 Ne4 15. Qf4 Re8 16. Bd3 Qf6 17. Qxf6 Nxf6 18. h3 Rd8 19. Nc4 Be6 20. Rfd1 Bd5
21. Nb6 Bxf3 22. gxf3 Rab8 23. Rac1 Rd6 24. Nc4 Re6 25. Nd2 Nd5 26. Nb3 Nf4 27. Kf1 Rh6 28. Bf5 Nxh3 29. Bxh3 Rxh3 30. Nxd4 Nxd4
31. Rxd4 Rh1+
0-1

[Event "Sicilian Thematic III - Smith Morra Gambit"]
[Site "SchemingMind.com"]
[Date "2005.12.31"]
[Round "-"]
[White "KaliYuga"]
[Black "Brerrabbit"]
[Result "1-0"]
[WhiteCountry "IRL"]
[BlackCountry "SCO"]
[WhiteElo "1935"]
[WhiteRD "68"]
[BlackElo "1264"]
[BlackRD "73"]
[GameID "34727"]

1. e4 c5 2. d4 cxd4 3. c3 dxc3 4. Nxc3 Nc6 5. Bc4 e6 6. Nf3 Qc7 7. O-O Nf6 8. a3 a6 9. b4 Bd6 10. Re1 h6
11. Bb2 g5 12. b5 axb5 13. Nxb5 Qb6 14. Bxf6 Rg8 15. Qxd6 g4 16. Ne5 Nxe5 17. Qe7#
1-0

[Event "Sicilian Thematic III - Smith Morra Gambit"]
[Site "SchemingMind.com"]
[Date "2006.01.02"]
[Round "-"]
[White "KaliYuga"]
[Black "Louis Lima"]
[Result "1-0"]
[WhiteCountry "IRL"]
[BlackCountry "ESP"]
[WhiteElo "1935"]
[WhiteRD "68"]
[BlackElo "1667"]
[BlackRD "52"]
[GameID "34729"]

1. e4 c5 2. d4 cxd4 3. c3 d3 4. Bxd3 Nc6 5. c4 e6 6. Nc3 Nf6 7. Nf3 d6 8. O-O Be7 9. Re1 O-O 10. b3 d5
11. exd5 exd5 12. Nxd5 Nxd5 13. cxd5 Nb4 14. Ba3
1-0

[Event "Sicilian Thematic III - Smith Morra Gambit"]
[Site "SchemingMind.com"]
[Date "2006.01.06"]
[Round "-"]
[White "KaliYuga"]
[Black "pietronagual"]
[Result "0-1"]
[WhiteCountry "IRL"]
[BlackCountry "ESP"]
[WhiteElo "1924"]
[WhiteRD "64"]
[BlackElo "2308"]
[BlackRD "125"]
[GameID "34730"]

1. e4 c5 2. d4 cxd4 3. c3 dxc3 4. Nxc3 Nc6 5. Bc4 Nf6 6. Bg5 e6 7. Nf3 h6 8. Bh4 Bb4 9. Qc2 g5 10. Bg3 Nh5
11. a3 Be7 12. O-O g4 13. Ne5 Nxg3 14. Nxc6 dxc6 15. hxg3 Qd4 16. Be2 h5 17. Rad1 Qg7 18. Rd3 h4 19. gxh4 Rxh4 20. g3 Rh8
21. Kg2 Qh6 22. Bxg4 Qh2+ 23. Kf3 f5 24. Bxf5 exf5 25. Ke2 Qg2 26. Rd4 f4 27. gxf4 Bh3 28. Re1 Bc5 29. Rd3 Qxf2+ 30. Kd1 Bg4+
31. Ne2 Rd8 32. Rxd8+ Kxd8
0-1

[Event "Sicilian Thematic III - Smith Morra Gambit"]
[Site "SchemingMind.com"]
[Date "2006.01.01"]
[Round "-"]
[White "Oskyrain"]
[Black "KaliYuga"]
[Result "1-0"]
[WhiteCountry "ARG"]
[BlackCountry "IRL"]
[WhiteElo "2138"]
[WhiteRD "77"]
[BlackElo "1904"]
[BlackRD "61"]
[GameID "34731"]

1. e4 c5 2. d4 cxd4 3. Qxd4 Nc6 4. Qa4 a6 5. Nf3 b5 6. Bxb5 Bb7 7. Bd3 d6 8. Nc3 g6 9. Nd5 Bg7 10. Be3 Rb8
11. Bxa6 Bxa6 12. Qxc6+ Qd7 13. Qxa6
1-0

[Event "Sicilian Thematic III - Smith Morra Gambit"]
[Site "SchemingMind.com"]
[Date "2006.01.01"]
[Round "-"]
[White "Brerrabbit"]
[Black "KaliYuga"]
[Result "0-1"]
[WhiteCountry "SCO"]
[BlackCountry "IRL"]
[WhiteElo "1264"]
[WhiteRD "73"]
[BlackElo "1935"]
[BlackRD "68"]
[GameID "34732"]

1. e4 c5 2. d4 cxd4 3. c3 dxc3 4. Bc4 e6 5. Nxc3 a6 6. Nf3 b5 7. Bb3 Nf6 8. Bg5 Nc6 9. a3 Bb7 10. Nd4 Be7
11. Qd2 O-O 12. O-O Rc8 13. Rfe1 h6 14. Bxf6 Bxf6 15. Bc2 Nxd4 16. Qd3 Nxc2 17. Qxc2 Qa5 18. Re3 b4 19. Rd1 Rxc3 20. bxc3 bxa3
21. Ra1 Rc8 22. Rc1 Bg5 23. Rb1 Bxe3 24. fxe3 Rxc3 25. Qd1 Bxe4 26. Rb8+ Kh7 27. h4 a2
0-1

[Event "Sicilian Thematic III - Smith Morra Gambit"]
[Site "SchemingMind.com"]
[Date "2006.01.01"]
[Round "-"]
[White "Louis Lima"]
[Black "KaliYuga"]
[Result "0-1"]
[WhiteCountry "ESP"]
[BlackCountry "IRL"]
[WhiteElo "1667"]
[WhiteRD "52"]
[BlackElo "1935"]
[BlackRD "68"]
[GameID "34734"]

1. e4 c5 2. d4 cxd4 3. c3 dxc3 4. Nxc3 Nc6 5. Nf3 d6 6. Bc4 Nf6 7. Qe2 g6 8. Bg5 Bg7 9. Rd1 h6 10. Be3 a6
11. O-O b5 12. Bb3 O-O
0-1

[Event "Sicilian Thematic III - Smith Morra Gambit"]
[Site "SchemingMind.com"]
[Date "2006.01.01"]
[Round "-"]
[White "pietronagual"]
[Black "KaliYuga"]
[Result "1-0"]
[WhiteCountry "ESP"]
[BlackCountry "IRL"]
[WhiteElo "2260"]
[WhiteRD "137"]
[BlackElo "1904"]
[BlackRD "61"]
[GameID "34735"]

1. e4 c5 2. d4 cxd4 3. c3 dxc3 4. Nxc3 d6 5. Nf3 Nc6 6. Bc4 Nf6 7. e5 dxe5 8. Qxd8+ Kxd8 9. Ng5 e6 10. Nxf7+ Ke8
11. Nxh8 Bb4 12. Be3 Nd4 13. O-O-O Ng4 14. Bxd4 exd4 15. Rxd4 Nxf2 16. Bb5+ Ke7 17. Re1 Bxc3 18. bxc3 a6 19. Re2 axb5 20. Rxf2 e5
21. Rf7+ Ke6 22. Rd8
1-0

[Event "Sicilian Thematic III - Smith Morra Gambit"]
[Site "SchemingMind.com"]
[Date "2006.01.12"]
[Round "-"]
[White "banong"]
[Black "Oskyrain"]
[Result "0-1"]
[WhiteCountry "PHI"]
[BlackCountry "ARG"]
[WhiteElo "1699"]
[WhiteRD "76"]
[BlackElo "2171"]
[BlackRD "86"]
[GameID "35955"]

1. e4 c5 2. d4 cxd4 3. Nf3 Nc6 4. Bd3 d5 5. O-O Bg4 6. h3 Bxf3 7. Qxf3 Nf6 8. exd5 Qxd5 9. Qxd5 Nxd5 10. Re1 e6
11. Be4 Nf6 12. Bd3 Bc5 13. Bg5 Nd5 14. Be4 O-O 15. Bxd5 exd5 16. Nd2 Nb4 17. Nb3 Bb6 18. Re2 Rac8 19. Re7 Nxc2 20. Rd1 Bd8
21. Re5 f6 22. Bxf6 Bxf6 23. Rxd5 b6 24. Rd7 Rf7 25. Rxf7 Kxf7 26. Nd2 d3 27. Nb3 Rd8 28. Nc1 d2 29. Ne2 Bxb2
0-1

[Event "Sicilian Thematic III - Smith Morra Gambit"]
[Site "SchemingMind.com"]
[Date "2006.01.12"]
[Round "-"]
[White "banong"]
[Black "Brerrabbit"]
[Result "1-0"]
[WhiteCountry "PHI"]
[BlackCountry "SCO"]
[WhiteElo "1900"]
[WhiteRD "77"]
[BlackElo "1300"]
[BlackRD "66"]
[GameID "35956"]

1. e4 c5 2. d4 cxd4 3. Nf3 Nc6 4. Bd3 Nf6 5. O-O e5 6. Bg5 Be7 7. Nbd2 d5 8. Qe2 Bg4 9. h3 Bxf3 10. Nxf3 dxe4
11. Bxe4 Qd6 12. Bxc6+ bxc6 13. Nxe5 Qd5 14. Rfe1 O-O 15. Bxf6 Bxf6 16. Ng4 h5 17. Nxf6+ gxf6 18. Qd3 Rae8 19. a4 Re6 20. f3 Rfe8
21. Rxe6 Rxe6 22. b4 Re3 23. Qd2 Qe5 24. Rd1 a6 25. Qxd4 Qxd4 26. Rxd4 Rc3 27. Rd2 Kg7 28. Kf2 Rc4 29. Ke3 Rxb4 30. Rd4 Rxd4
31. Kxd4 Kg6 32. Kc5 Kg5 33. Kxc6 Kf4 34. c4 Ke3 35. Kd6 Kf2 36. c5 Kxg2 37. c6 Kxh3 38. c7 h4 39. c8=Q+ Kg3 40. Qg4+
1-0

[Event "Sicilian Thematic III - Smith Morra Gambit"]
[Site "SchemingMind.com"]
[Date "2006.01.14"]
[Round "-"]
[White "banong"]
[Black "Casper"]
[Result "1-0"]
[WhiteCountry "PHI"]
[BlackCountry "AUS"]
[WhiteElo "1900"]
[WhiteRD "77"]
[BlackElo "1360"]
[BlackRD "91"]
[GameID "35957"]

1. e4 c5 2. d4 cxd4 3. Nf3 d6 4. Nxd4 e5 5. Nf3 Nc6 6. Bb5 Bd7 7. O-O a6 8. Bc4 b5 9. Bd5 Nf6 10. Ng5 Qe7
11. Bxf7+ Kd8 12. Bb3 h6 13. Nf7+ Kc7 14. Nxh8 g5 15. Nc3
1-0

[Event "Sicilian Thematic III - Smith Morra Gambit"]
[Site "SchemingMind.com"]
[Date "2006.01.12"]
[Round "-"]
[White "banong"]
[Black "KaliYuga"]
[Result "0-1"]
[WhiteCountry "PHI"]
[BlackCountry "IRL"]
[WhiteElo "1900"]
[WhiteRD "77"]
[BlackElo "1904"]
[BlackRD "61"]
[GameID "35958"]

1. e4 c5 2. d4 cxd4 3. Nf3 e5 4. Bd3 Nf6 5. Bg5 Be7 6. O-O Nc6 7. a3 h6 8. Bh4 d6 9. h3 g5 10. Bg3 Nh5
11. Bh2 Nf4 12. Nbd2 g4 13. hxg4 Bxg4 14. Bxf4 exf4 15. Bb5 Rg8 16. Qe1 Bh3 17. Nxd4 Qd7 18. N2f3 Bxg2 19. Nf5 Bxf3+ 20. Kh2 Rg2+
21. Kh3 Rg5 22. Bd3 Rh5#
0-1

[Event "Sicilian Thematic III - Smith Morra Gambit"]
[Site "SchemingMind.com"]
[Date "2006.01.12"]
[Round "-"]
[White "banong"]
[Black "pietronagual"]
[Result "0-1"]
[WhiteCountry "PHI"]
[BlackCountry "ESP"]
[WhiteElo "1877"]
[WhiteRD "77"]
[BlackElo "2282"]
[BlackRD "133"]
[GameID "35960"]

1. e4 c5 2. d4 cxd4 3. Nf3 Qa5+ 4. c3 Nc6 5. Nxd4 Nxd4 6. Qxd4 e5 7. Qd3 Nf6 8. Bg5 Qb6 9. Qc2 Bc5 10. Bd3 d5
11. O-O dxe4 12. Bxf6 exd3 13. Qxd3 gxf6 14. b4 Be7 15. Nd2 Be6 16. a4 Rd8 17. Qc2 Qd6 18. Rad1 Qd3 19. Qb2 Rg8 20. g3 Bg4
21. Nf3 Qxf3 22. Rxd8+ Bxd8
0-1

[Event "Sicilian Thematic III - Smith Morra Gambit"]
[Site "SchemingMind.com"]
[Date "2006.01.12"]
[Round "-"]
[White "Oskyrain"]
[Black "banong"]
[Result "1-0"]
[WhiteCountry "ARG"]
[BlackCountry "PHI"]
[WhiteElo "2171"]
[WhiteRD "86"]
[BlackElo "1699"]
[BlackRD "76"]
[GameID "35961"]

1. e4 c5 2. d4 cxd4 3. Nf3 e5 4. c3 dxc3 5. Nxc3 Nc6 6. Bb5 Bb4 7. Qb3 d6 8. Qxb4 Ne7 9. Be3 O-O 10. Qa3 Bg4
11. Rd1 Nc8 12. Be2 Qc7 13. Nb5 Qa5+ 14. Qxa5 Nxa5 15. Nxd6 Nxd6 16. Rxd6 Nc6 17. Ba6 Rab8 18. Bb5 Bxf3 19. gxf3 Rfc8 20. Ke2 a6
21. Bxc6 bxc6 22. b3 f6 23. Rc1 h5 24. h4 a5 25. Rdxc6 Rxc6 26. Rxc6 Ra8 27. f4 Kf7 28. Rc7+ Kg8 29. fxe5 fxe5 30. Re7 a4
31. b4
1-0

[Event "Sicilian Thematic III - Smith Morra Gambit"]
[Site "SchemingMind.com"]
[Date "2006.01.12"]
[Round "-"]
[White "Brerrabbit"]
[Black "banong"]
[Result "0-1"]
[WhiteCountry "SCO"]
[BlackCountry "PHI"]
[WhiteElo "1300"]
[WhiteRD "66"]
[BlackElo "1900"]
[BlackRD "77"]
[GameID "35962"]

1. e4 c5 2. d4 cxd4 3. c3 dxc3 4. Nxc3 Nc6 5. Bc4 e6 6. Nf3 Bb4 7. O-O Bxc3 8. bxc3 d6 9. Ng5 Nf6 10. Re1 O-O
11. e5 Nxe5 12. Qd4 Nxc4 13. Qxc4 d5 14. Qd3 h6 15. Nf3 b6 16. Ne5 Bb7 17. Re3 Qc7 18. Rh3 Qxe5 19. Bxh6 gxh6 20. Rg3+ Kh8
21. Rf1 Rg8 22. Re3 Qh5 23. Rh3 Qg6 24. Qf3 Ne4 25. g3 Ng5 26. Qg4 Nxh3+ 27. Qxh3 Kh7 28. f4 Qe4 29. g4 d4 30. g5 Rg6
31. f5 Rxg5+ 32. Kf2 d3 33. Re1 Qf4+ 34. Qf3 Qxf3#
0-1

[Event "Sicilian Thematic III - Smith Morra Gambit"]
[Site "SchemingMind.com"]
[Date "2006.01.12"]
[Round "-"]
[White "Casper"]
[Black "banong"]
[Result "0-1"]
[WhiteCountry "AUS"]
[BlackCountry "PHI"]
[WhiteElo "1360"]
[WhiteRD "91"]
[BlackElo "1900"]
[BlackRD "77"]
[GameID "35963"]

1. e4 c5 2. d4 cxd4 3. c3 dxc3 4. Nxc3 e5 5. Bc4 Nf6 6. Nf3 Bb4 7. a3 Bxc3+ 8. bxc3 Nc6 9. O-O O-O 10. Qe2 Qc7
11. Bg5 Ne8 12. Rad1 d6 13. Rd3 Be6 14. Bxe6 fxe6
0-1

[Event "Sicilian Thematic III - Smith Morra Gambit"]
[Site "SchemingMind.com"]
[Date "2006.01.12"]
[Round "-"]
[White "KaliYuga"]
[Black "banong"]
[Result "0-1"]
[WhiteCountry "IRL"]
[BlackCountry "PHI"]
[WhiteElo "1860"]
[WhiteRD "66"]
[BlackElo "1632"]
[BlackRD "64"]
[GameID "35964"]

1. e4 c5 2. d4 cxd4 3. c3 dxc3 4. Nxc3 Nc6 5. Bc4 e6 6. Nf3 d6 7. O-O Be7 8. b3 Nf6 9. Bb2 O-O 10. Qc2 Nb4
11. Qe2 e5 12. a3 Nc6 13. Rad1 Bg4 14. h3 Bh5 15. b4 Nd4 16. Qd3 Qd7 17. Nd5 Bxf3 18. Nxf6+ Bxf6 19. Bxd4 Bxd1 20. Bxa7 Bh5
21. Be3 Be7 22. Rc1 Rac8 23. Bb5 Rxc1+ 24. Bxc1 Qc7 25. Be3 Rc8 26. Qd5 h6 27. a4 b6 28. Ba6 Qc2 29. Bxc8 Qxc8 30. Bxb6 Qc1+
31. Kh2 Qf4+ 32. g3 Qc1 33. Qd3 Qb2 34. b5 Bd8 35. Qxd6 Bxb6 36. Qxb6 Qe2 37. Qe3 Qd1 38. g4 Bg6 39. b6 Qb1 40. a5 Bxe4
41. f3 Qb2+ 42. Kg3 Bb7 43. h4 Qd4 44. Qxd4 exd4 45. Kf2 Kf8 46. Ke2 Ba6+ 47. Kd2 Ke7 48. Kc2 Kd6 49. f4 Kd5 50. h5 Ke4
51. f5 Ke3
0-1

[Event "Sicilian Thematic III - Smith Morra Gambit"]
[Site "SchemingMind.com"]
[Date "2006.01.12"]
[Round "-"]
[White "Louis Lima"]
[Black "banong"]
[Result "0-1"]
[WhiteCountry "ESP"]
[BlackCountry "PHI"]
[WhiteElo "1667"]
[WhiteRD "52"]
[BlackElo "1876"]
[BlackRD "81"]
[GameID "35965"]

1. e4 c5 2. d4 cxd4 3. c3 dxc3 4. Nxc3 Nc6 5. Nf3 e5 6. Bc4 Bb4 7. Qb3 Bxc3+ 8. bxc3 Qe7 9. Bg5 Nf6 10. Bd5 O-O
11. O-O d6 12. h3 h6 13. Be3 Qc7 14. Rac1 Bd7 15. Rfd1 Qc8 16. Kh2 Qc7 17. c4 Rab8 18. c5 dxc5 19. Rxc5 Rbd8 20. Nxe5 Qxe5+
0-1